| 000 | 00000nam 2200000zi 4500 |
| 001 | 9.935532 |
| 003 | CaOODSP |
| 005 | 20240731152840 |
| 006 | m o d f |
| 007 | cr cn||||||||| |
| 008 | 240318t20242024onca ob f000 0 eng d |
| 020 | |a9780660708560 |
| 040 | |aCaOODSP|beng|erda|cCaOODSP |
| 043 | |an-cn--- |
| 086 | 1 |aD97-1/40-002-2024E-PDF |
| 245 | 00|aTips for backing up your information. |
| 264 | 1|a[Ottawa] : |bCommunications Security Establishment Canada = Centre de la sécurité des telecommunications Canada, |c2024. |
| 264 | 4|c©2024 |
| 300 | |a1 online resource (3 unnumbered pages) : |billustrations. |
| 336 | |atext|btxt|2rdacontent |
| 337 | |acomputer|bc|2rdamedia |
| 338 | |aonline resource|bcr|2rdacarrier |
| 490 | 1 |a[Awareness series] ; |vITSAP.40.002 |
| 500 | |aCaption title. |
| 500 | |aIssued also in French under title: Sauvegarder et récupérer vos données. |
| 500 | |a"Canadian Centre for Cyber Security." |
| 500 | |a"Unclassified." |
| 500 | |a"June 2024." |
| 504 | |aIncludes bibliographical references. |
| 520 | |a"Having a backup (a copy) of your organization’s information is one step that you can take to improve your cyber security and your resiliency. If your networks, systems or information are compromised, a backup helps your organization minimize downtime and get back to business quickly"--Page [1]. |
| 650 | 0|aComputer security|zCanada. |
| 650 | 0|aData protection|zCanada. |
| 710 | 2 |aCommunications Security Establishment (Canada), |eissuing body. |
| 710 | 2 |aCanadian Centre for Cyber Security, |eissuing body. |
| 775 | 08|tSauvegarder et récupérer vos données.|w(CaOODSP)9.935533 |
| 795 | |tTips for backing up your information.|b2020|w(CaOODSP)9.892227 |
| 830 | #0|aAwareness series (Communications Security Establishment (Canada))|vITSAP.40.002.|w(CaOODSP)9.842810 |
| 856 | 40|qPDF|s314 KB|uhttps://publications.gc.ca/collections/collection_2024/cstc-csec/D97-1-40-002-2024-eng.pdf |
| 856 | 4 |qHTML|sN/A|uhttps://www.cyber.gc.ca/en/guidance/tips-backing-your-information-itsap40002 |